Teória rozvrhovania – prehlaď metód bakalárska práca

Enregistré dans:
Détails bibliographiques
Auteur principal: Verbovský, Ondrej
Collectivité auteur: Fakulta hospodárskej informatiky EU. Katedra operačného výskumu a ekonometrie
Autres auteurs: Gežík, Pavel, 1983-
Format: Livre
Langue:slovaque
Publié: Bratislava 2016
Tags: Ajouter un tag
Pas de tags, Soyez le premier à ajouter un tag!

MARC

LEADER 00000nbm a2200000 4500
001 0219216
005 20170215100432.1
041 0 |a slo 
044 |a SK 
245 1 0 |a Teória rozvrhovania – prehlaď metód  |b bakalárska práca  |c Ondrej Verbovský ; školiteľ: Pavel Gežík 
264 1 |a Bratislava  |c 2016 
300 |a 34 s. 
100 1 |a Verbovský, Ondrej 
700 1 |a Gežík, Pavel, 1983- 
710 2 |a Fakulta hospodárskej informatiky EU. Katedra operačného výskumu a ekonometrie